01163pam a2200325Ia 4500001001100000003000800011006001900019007001500038008004100053010001700094020001500111040002100126035002000147050002400167082001600191100002700207245005200234260005700286300002700343490001600370504005100386533015200437650001400589650002900603655002900632710001700661830001700678856012500695999001700820ebr5003764CaPaEBRm u cr cn|||||||||850305s1985 enka sb 001 0 eng d z 85004764  z041506564X aCaPaEBRcCaPaEBR a(OCoLC)5063257114aHQ728b.W543 1985eb04a306.8/52191 aWilson, Adrian,d1947-10aFamilyh[electronic resource] /cAdrian Wilson. aLondon ;aNew York :bTavistock Publications,c1985. a[viii], 128 p. :bill.1 aSociety now aIncludes bibliographical references and index. aElectronic reproduction.bPalo Alto, Calif. :cebrary,d2013.nAvailable via World Wide Web.nAccess may be limited to ebrary affiliated libraries. 0aFamilies. 0aFamilieszGreat Britain. 7aElectronic books.2local2 aebrary, Inc. 0aSociety now.40uhttp://site.ebrary.com/lib/rucke/Doc?id=5003764zAn electronic book accessible through the World Wide Web; click to view c15273d15273